000 00348nam a22001457a 4500
003 SGT
020 _a938426670-1
082 _a615.1
_bPAT
100 _aPATIL, P. BHAGWAN
245 _aA PRACTICAL BOOK OF PHARMACEUTICAL ANALYSIS
260 _aINDIA
_bBIRLA PUB.
_c2026
300 _a56
650 _aPHARMACEUTICAL ANALYSIS
942 _2ddc
_cBK
999 _c32959
_d32959